• 首页
  • 本馆介绍
  • 公告通知
  • 最新文献
  • 馆藏检索
  • 电子资源
  • 读者导购
  • 参考咨询
  • 我的图书馆
  • 登录
  • 详细信息显示
  • 放入我的书架
  • 预约/预借图书
  • 作者相关作品
  • 分类相关作品
  • 丛书相关作品
  • 出版社相关作品

书目信息

  • 表格格式
  • 工作单格式
  • 卡片格式
题名:
苹果病虫草害诊治生态图谱
    
 
作者: 冯玉增 , 杨洁 , 杨辉 主编
分册:  
出版信息: 北京   中国林业出版社  2019.09
页数: 128, 204页
开本: 21cm
丛书名:
单 册:
中图分类: S436.611-64 , S451.24-64
科图分类:
主题词: 苹果--pin guo--病虫害防治--图谱 , 苹果--pin guo--除草--图谱
电子资源:
ISBN: 978-7-5219-0222-8
000 01257nam0 2200289 450
001 0106081852
005 20201106082046.0
010    @a978-7-5219-0222-8@dCNY69.00
100    @a20191112d2019 em y0chiy50 ea
101 0  @achi
102    @aCN@b110000
105    @aa z 000yy
106    @ar
200 1  @a苹果病虫草害诊治生态图谱@Aping guo bing chong cao hai zhen zhi sheng tai tu pu@dAtlas of diagnosis and treatment for disease pest and weed disease of apple@f冯玉增, 杨洁, 杨辉主编@zeng
210    @a北京@c中国林业出版社@d2019.09
215    @a128, 204页@d21cm
330    @a本书介绍了苹果树的病、虫、草形态特征、危害特点、发生规律及无公害综合防治技术。全书介绍苹果病害、害虫、杂草以及天敌,含彩色生态照片近300幅。每种病、虫、草都配有多幅彩色生态图片,既突出了农业和生物防治,也介绍了无公害化学农药防治技术。
510 1  @aAtlas of diagnosis and treatment for disease pest and weed disease of apple@zeng
606 0  @a苹果@Apin guo@x病虫害防治@j图谱
606 0  @a苹果@Apin guo@x除草@j图谱
690    @aS436.611-64@v5
690    @aS451.24-64@v5
701  0 @a冯玉增@Afeng yu zeng@f(1958-)@4主编
701  0 @a杨洁@Ayang jie@4主编
701  0 @a杨辉@Ayang hui@4主编
801  0 @aCN@bBJSZM@c20201106
905    @b1193464-7@dS436.611-64@e196@f4
    
    苹果病虫草害诊治生态图谱=Atlas of diagnosis and treatment for disease pest and weed disease of apple/冯玉增, 杨洁, 杨辉主编.-北京:中国林业出版社,2019.09
    128, 204页;21cm
    
    
    ISBN 978-7-5219-0222-8:CNY69.00
    本书介绍了苹果树的病、虫、草形态特征、危害特点、发生规律及无公害综合防治技术。全书介绍苹果病害、害虫、杂草以及天敌,含彩色生态照片近300幅。每种病、虫、草都配有多幅彩色生态图片,既突出了农业和生物防治,也介绍了无公害化学农药防治技术。
●
相关链接 在E读中查询图书 在五车中查询图书 在当当中查询图书 在豆瓣中查询图书


正题名:苹果病虫草害诊治生态图谱     索取号:S436.611-64/196         预约/预借

序号 登录号 条形码 馆藏地/架位号 状态 备注
1 1193464   211934647   第二样本阅览室/ [索取号:S436.611-64/196] 在馆    
2 1193465   211934656   第三借阅区/ [索取号:S436.611-64/196] 在馆    
3 1193466   211934665   第三借阅区/ [索取号:S436.611-64/196] 在馆    
4 1193467   211934674   第三借阅区/ [索取号:S436.611-64/196] 在馆    
唐山师范学院图书馆 欢迎您!
大连网信软件有限公司© 版权所有